|
|
|
|
| LEADER |
01248naa a2200253 i 4500 |
| 001 |
acta74166 |
| 005 |
20221108131924.0 |
| 008 |
220120s2022 hu o 1|| eng d |
| 024 |
7 |
|
|a 10.14232/syrptbrs.2022.39
|2 doi
|
| 040 |
|
|
|a SZTE Egyetemi Kiadványok Repozitórium
|b hun
|
| 041 |
|
|
|a eng
|
| 100 |
1 |
|
|a Krivošija Slađana
|
| 245 |
1 |
0 |
|a Intensification of anthocyanin extraction from Sambucus nigra fruits using ultrasonic probe
|h [elektronikus dokumentum] :
|b effect of factors, and comparison with conventional extraction approach /
|c Krivošija Slađana
|
| 260 |
|
|
|c 2022
|
| 300 |
|
|
|a 39
|
| 490 |
0 |
|
|a Symposium of Young Researchers on Pharmaceutical Technology, Biotechnology and Regulatory Science
|v 4
|
| 650 |
|
4 |
|a Orvos- és egészségtudomány
|
| 650 |
|
4 |
|a Általános orvostudomány
|
| 695 |
|
|
|a Gyógyszertechnológia - előadáskivonat, Biotechnológia - előadáskivonat, Gyógyszerkémia - előadáskivonat
|
| 700 |
0 |
1 |
|a Mutavski Zorana
|e aut
|
| 700 |
0 |
1 |
|a Vidović Senka
|e aut
|
| 700 |
0 |
1 |
|a Nastić Nataša
|e aut
|
| 710 |
|
|
|a Symposium of Young Researchers on Pharmaceutical Technology, Biotechnology and Regulatory Science (4.) (2022) (Szeged)
|
| 856 |
4 |
0 |
|u http://acta.bibl.u-szeged.hu/74166/1/syrptbrs_2022_039.pdf
|z Dokumentum-elérés
|